LEADER 05457nam 2201033 a 450 001 9910783011203321 005 20230607214937.0 010 $a1-282-35956-8 010 $a9786612359569 010 $a1-59734-843-0 010 $a0-520-93636-1 024 7 $a10.1525/9780520936362 035 $a(CKB)1000000000006584 035 $a(EBL)223870 035 $a(OCoLC)475929093 035 $a(SSID)ssj0000231743 035 $a(PQKBManifestationID)11190820 035 $a(PQKBTitleCode)TC0000231743 035 $a(PQKBWorkID)10207458 035 $a(PQKB)10150558 035 $a(MiAaPQ)EBC223870 035 $a(OCoLC)50667921 035 $a(MdBmJHUP)muse30732 035 $a(DE-B1597)518974 035 $a(DE-B1597)9780520936362 035 $a(Au-PeEL)EBL223870 035 $a(CaPaEBR)ebr10057088 035 $a(CaONFJC)MIL235956 035 $a(EXLCZ)991000000000006584 100 $a20020212d2002 uy 0 101 0 $aeng 135 $aur|n|---||||| 181 $ctxt 182 $cc 183 $acr 200 04$aThe quiet hand of God$b[electronic resource] $efaith-based activism and the public role of mainline Protestantism /$fedited by Robert Wuthnow and John H. Evans 210 $aBerkeley $cUniversity of California Press$dc2002 215 $a1 online resource (442 p.) 300 $aDescription based upon print version of record. 311 $a0-520-23312-3 311 $a0-520-23313-1 320 $aIncludes bibliographical references and index. 327 $tThe logic of mainline churchliness : historical background since the Reformation/$rPeter J. Thuesen --$tMainline Protestant Washington offices and the political lives of clergy/$rLaura R. Olson --$tThe generous side of Christian faith : the successes and challenges of mainline women's groups/$rR. Marie Griffith --$tReligious variations in public presence : evidence from the national congregations study/$rMark Chaves, Helen M. Giesel, and William Tsitsos --$tConnecting mainline Protestant churches with public life/$rNancy T. Ammerman --$tThe changing political fortunes of mainline Protestants/$rJeff Manza and Clem Brooks --$tFurthering the freedom struggle : racial justice activism in the mainline churches since the civil rights era/$rBradford Verter --$tThe hydra and the swords : social welfare and mainline advocacy, 1964-2000/$rBrian Steensland --$tCaring for creation : environmental advocacy by mainline Protestant organizations/$rMichael Moody --$tVital conflicts : the mainline denominations debate homosexuality/$rWendy Cadge --$tFor the sake of the children? : family-related discourse and practice in the mainline/$rW. Bradford Wilcox --$tFrom engagement to retrenchment : an examination of first amendment activism by America's mainline churches, 1980-2000/$rDerek H. Davis --$tDoing good and doing well : shareholder activism, responsible investment, and mainline Protestantism / Lynn Robinson -- Love your enemies? : Protestants and foreign policy in the United States / Lester Kurtz and Kelly Goran Fulton -- Beyond quiet influence? : possibilities for the Protestant mainline / Robert Wuthnow. 330 $aRobert Wuthnow and John H. Evans bring together a stellar collection of essays that paints a contemporary portrait of American Protestantism-a denomination that has remained quietly, but firmly, influential in the public sphere. Mainline Protestants may have steered clear of the controversial, attention-grabbing tactics of the Religious Right, but they remain culturally influential and continue to impact American society through political action and the provision of social services. The contributors to this volume address religion's larger role in society and cover such topics as welfare, ecology, family, civil rights, and homosexuality. Pioneering, timely, and meticulously researched, The Quiet Hand of God will be an essential reference to the dynamics of American religion well into the twenty-first century. 606 $aChurch and state$zUnited States 606 $aProtestantism$zUnited States 606 $aReligion and politics$zUnited States 610 $aamerica. 610 $aamerican protestants. 610 $aamerican religion. 610 $aamerican society. 610 $aanthology. 610 $achristian nonfiction. 610 $achristianity. 610 $acivil rights. 610 $acontemporary protestantism. 610 $acultural influence. 610 $aecology. 610 $aessay collection. 610 $afaith and religion. 610 $afaith based activism. 610 $afamily. 610 $agod. 610 $ahomosexuality. 610 $amainline protestantism. 610 $amodern history. 610 $anonfiction essays. 610 $anonfiction. 610 $apolitical action. 610 $apolitical activism. 610 $apublic roles. 610 $apublic sphere. 610 $arole of religion. 610 $asocial activism. 610 $asocial services. 610 $awelfare. 615 0$aChurch and state 615 0$aProtestantism 615 0$aReligion and politics 676 $a261.8/0973 701 $aWuthnow$b Robert$0882687 701 $aEvans$b John Hyde$f1965-$01025790 801 0$bMiAaPQ 801 1$bMiAaPQ 801 2$bMiAaPQ 906 $aBOOK 912 $a9910783011203321 996 $aThe quiet hand of God$93823154 997 $aUNINA LEADER 06723nam 22007695 450 001 9910743352603321 005 20251113211102.0 010 $a981-16-8480-4 010 $a981-16-8479-0 010 $a981-16-8480-4 024 7 $a10.1007/978-981-16-8480-7 035 $a(MiAaPQ)EBC6896963 035 $a(Au-PeEL)EBL6896963 035 $a(CKB)21325602000041 035 $a(PPN)260832103 035 $a(OCoLC)1302010334 035 $a(DE-He213)978-981-16-8480-7 035 $a(EXLCZ)9921325602000041 100 $a20220223d2022 u| 0 101 0 $aeng 135 $aurcnu|||||||| 181 $ctxt$2rdacontent 182 $cc$2rdamedia 183 $acr$2rdacarrier 200 10$aBlurry Boundaries of Public and Private International Law $eTowards Convergence or Divergent Still? /$fedited by Poomintr Sooksripaisarnkit, Dharmita Prasad 205 $a1st ed. 2022. 210 1$aSingapore :$cSpringer Nature Singapore :$cImprint: Springer,$d2022. 215 $a1 online resource (287 pages) 225 1 $aLaw and Criminology Series 311 08$aPrint version: Sooksripaisarnkit, Poomintr Blurry Boundaries of Public and Private International Law Singapore : Springer Singapore Pte. Limited,c2022 9789811684791 327 $aChapter 1. Public International Law and Private International Law: Setting Scene for Intersectionality -- Theme 1: Public International Law and Private International Law: Historical and Theoretical Considerations of the Boundary -- Chapter 2. Private International Law?s Origins as A Branch of The Universal Law of Nations -- Chapter 3. Recognition ? A Story of How Two Worlds Meet -- Chapter 4. Forum Non Conveniens in Australia ? How Much Weight Should Be Given to Comity? -- Theme 2: Harmonisation of Private International Law by Public International Law Instruments ? Evaluation of Process, Problems, and Effectiveness -- Chapter 5. International Rule of Law and its relation to harmonization -- Theme 3: Case Studies of Intersectionality between Public International Law and Private International Law -- Theme 3.1: Intersectionality in the Context of International Investment Law -- Chapter 6. A Quest for the Missing Link in the Resolution of International Investment Disputes Affecting Host States? Citizens under Public and Private International Law -- Chapter 7. Visualising the Role of International Rule of Law in Claim Funding by Third Parties -- Theme 3.2: Intersectionality in The Context of International Sale of Goods -- Chapter 8. Article 79 CISG: Testing the Effectiveness of the CISG in International Trade Through the Lens of the Covid-19 Outbreak -- Chapter 9. Determination of Legal Effects of Covid-19 Related Export Bans and Restrictions on International Sale of Goods Contracts: Interplay Between Public and Private International Law -- Chapter 10. Private International Law vs Public International Law: Competing or Complimentary Intersectionality in CISG Article 79? -- Theme 3.3: Intersectionality in the EU context -- Chapter 11. Blocking Statutes: Private Individuals Finding Themselves in Interstate Conflicts -- Chapter 12. When Public International Law Meets EU Private International Law: An Insight on the European Court of Justice Case Law Dealing with Immunity Vis-À-Vis the Application of the Brussels Regime -- Chapter 13. Children?s Rights Law and Private International Law: What Do Referencing Patterns Reveal About Their Relation? -- Theme 4: Future Trends in Relationship Between Public International Law and Private International Law -- Chapter 14. Ringfencing Data? ? Perspectives on Sovereignty and Localization from India. 330 $aThis book examines interactions and discusses intersectionality between public international law and private international law. With contributions from scholars from USA, Canada, Australia, India and EU, this book brings out truly international perspectives on the topic. The contributions are arranged in four themes?Public international law and private international law: historical and theoretical considerations of the boundary; Harmonisation of private international law by public international law instruments: evaluation of process, problems, and effectiveness; Case studies of intersectionality between public international law and private international law; Future trends in the relationship between public international law and private international law. The ultimate aim of this book is to analyse whether these two legal disciplines become convergent or they are still divergent as usual. With wide coverage spanning across these four themes, the book has takeaways for a wide readership. For scholars and researchers in the fields of public international law and private international law, this book sparks further thoughts and debates in both disciplines and highlight areas for continuing research. For practitioners, this book offers fresh insights and perspectives on contemporaneous issues of significance. This book is also be a great resource for students at both undergraduate and postgraduate levels taking subjects such as public international law or private international law or some related disciplines such as international sale of goods, international trade law or international investment law to advance their knowledge and understanding of the disciplines. 410 0$aLaw and Criminology Series 606 $aInternational law 606 $aConflict of laws 606 $aConflict of laws 606 $aComparative law 606 $aMediation 606 $aDispute resolution (Law) 606 $aArbitration (Administrative law) 606 $aInternational trade 606 $aPublic International Law 606 $aPrivate International Law, International and Foreign Law, Comparative Law 606 $aDispute Resolution, Mediation, Arbitration 606 $aInternational Trade 615 0$aInternational law. 615 0$aConflict of laws. 615 0$aConflict of laws. 615 0$aComparative law. 615 0$aMediation. 615 0$aDispute resolution (Law) 615 0$aArbitration (Administrative law) 615 0$aInternational trade. 615 14$aPublic International Law. 615 24$aPrivate International Law, International and Foreign Law, Comparative Law. 615 24$aDispute Resolution, Mediation, Arbitration. 615 24$aInternational Trade. 676 $a341 702 $aSooksripaisarnkit$b Poomintr 702 $aPrasad$b Dharmita 801 0$bMiAaPQ 801 1$bMiAaPQ 801 2$bMiAaPQ 906 $aBOOK 912 $a9910743352603321 996 $aBlurry boundaries of public and private international law$93559284 997 $aUNINA